| 000 | 00638nam a2200217 a 4500 | ||
|---|---|---|---|
| 005 | 20220526063422.0 | ||
| 008 | 140520s2002 es r 000 0 spa d | ||
| 020 | _a8484700437 | ||
| 035 | _aUPN01000197352 | ||
| 049 | _aI | ||
| 050 | 4 |
_aPZ26.3 _bG3.2 |
|
| 100 | 1 |
_aGay, Michel, _d1947- _930399 |
|
| 245 | 1 | 0 |
_aBibundé / _cMichel Gay ; tr. Anna Coll-Vinent. |
| 260 |
_aBarcelona, Esp. : _bCorimbo, _cc2002. |
||
| 300 |
_a37 p. : _bil. col. |
||
| 534 |
_pTítulo original: _tBiboundé |
||
| 650 | 0 |
_aCuentos infantiles franceses _98588 |
|
| 650 | 4 |
_aPINGUINOS - _vCUENTOS Y LEYENDAS _910808 |
|
| 905 | _aInfantil | ||
| 999 |
_c169453 _d169453 |
||